[Event "MCR druzstev mladsich zaku 2016"]
[Site "Hradec Kralove"]
[Date "2016.06.12"]
[Round "7.10"]
[White "Dolensky (Novy Bor), Filip"]
[Black "Khadash (Loko Brno), Samuel"]
[Result "0-1"]
[BlackElo "1548"]
[WhiteElo "1572"]
[LiveChessVersion "1.4.8"]

1. e4 {[%clk 0:25:18]} e5 {[%clk 0:25:17]} 2. Nf3 {[%clk 0:25:26]} Nc6
{[%clk 0:25:25]} 3. Bc4 {[%clk 0:25:21]} Bc5 {[%clk 0:25:29]} 4. O-O
{[%clk 0:25:11]} Nf6 {[%clk 0:25:08]} 5. d3 {[%clk 0:25:02]} h6 {[%clk 0:24:36]}
6. h3 {[%clk 0:24:45]} O-O {[%clk 0:24:43]} 7. c3 {[%clk 0:24:41]} d5
{[%clk 0:19:39]} 8. exd5 {[%clk 0:24:29]} Nxd5 {[%clk 0:19:29]} 9. Re1
{[%clk 0:24:21]} Re8 {[%clk 0:17:58]} 10. b4 {[%clk 0:23:27]} Bb6
{[%clk 0:15:32]} 11. b5 {[%clk 0:23:14]} Na5 {[%clk 0:15:32]} 12. Rxe5
{[%clk 0:22:54]} Rxe5 {[%clk 0:15:07]} 13. Nxe5 {[%clk 0:23:01]} Qe7
{[%clk 0:09:30]} 14. Bxd5 {[%clk 0:18:01]} Qxe5 {[%clk 0:09:39]} 15. Bc4
{[%clk 0:15:20]} Nxc4 {[%clk 0:08:03]} 16. dxc4 {[%clk 0:15:24]} Be6
{[%clk 0:07:36]} 17. Qf1 {[%clk 0:08:23]} Bxc4 {[%clk 0:07:02]} 18. Qxc4
{[%clk 0:08:30]} Qe1+ {[%clk 0:07:11]} 19. Kh2 {[%clk 0:08:35]} Bxf2
{[%clk 0:06:21]} 0-1

[Event "MCR druzstev mladsich zaku 2016"]
[Site "Hradec Kralove"]
[Date "2016.06.12"]
[Round "7.11"]
[White "Vavrinkova (Loko Brno), Anna"]
[Black "Habenicht (Novy Bor), Martin"]
[Result "0-1"]
[BlackElo "1264"]
[WhiteElo "1423"]
[LiveChessVersion "1.4.8"]

1. e4 {[%clk 0:25:18]} d6 {[%clk 0:25:18]} 2. d4 {[%clk 0:25:24]} Nf6
{[%clk 0:25:24]} 3. Nc3 {[%clk 0:25:31]} g6 {[%clk 0:25:28]} 4. h3
{[%clk 0:25:24]} Bg7 {[%clk 0:25:32]} 5. Nf3 {[%clk 0:25:30]} Nbd7
{[%clk 0:25:31]} 6. Bc4 {[%clk 0:25:24]} O-O {[%clk 0:25:26]} 7. O-O
{[%clk 0:25:27]} a6 {[%clk 0:24:57]} 8. a3 {[%clk 0:25:11]} b5 {[%clk 0:24:59]}
9. Ba2 {[%clk 0:25:12]} c5 {[%clk 0:24:54]} 10. d5 {[%clk 0:25:00]} Qb6
{[%clk 0:23:56]} 11. Re1 {[%clk 0:24:08]} a5 {[%clk 0:21:12]} 12. Qe2
{[%clk 0:22:20]} Ba6 {[%clk 0:20:36]} 13. Qd1 {[%clk 0:20:40]} b4
{[%clk 0:20:06]} 14. axb4 {[%clk 0:20:38]} axb4 {[%clk 0:19:54]} 15. Nb1
{[%clk 0:16:54]} Bc4 {[%clk 0:19:10]} 16. e5 {[%clk 0:12:15]} Ne8
{[%clk 0:16:17]} 17. b3 {[%clk 0:11:37]} Ba6 {[%clk 0:15:34]} 18. Bb2
{[%clk 0:10:51]} Nc7 {[%clk 0:14:37]} 19. c4 {[%clk 0:08:22]} h6 {[%clk 0:13:54]}
20. Qc2 {[%clk 0:07:05]} Rfe8 {[%clk 0:13:11]} 21. e6 {[%clk 0:06:00]} Nf6
{[%clk 0:12:31]} 22. exf7+ {[%clk 0:05:31]} Kxf7 {[%clk 0:12:28]} 23. Nbd2
{[%clk 0:05:00]} Bc8 {[%clk 0:12:18]} 24. Nh4 {[%clk 0:04:28]} g5
{[%clk 0:08:41]} 25. Qg6+ {[%clk 0:03:52]} Kf8 {[%clk 0:08:32]} 26. Bxf6
{[%clk 0:03:46]} exf6 {[%clk 0:08:15]} 27. Rxe8+ {[%clk 0:03:18]} Nxe8
{[%clk 0:08:22]} 28. Nf5 {[%clk 0:02:35]} Bxf5 {[%clk 0:08:12]} 29. Qxf5
{[%clk 0:02:44]} Qc7 {[%clk 0:08:04]} 30. Ne4 {[%clk 0:02:19]} Ra7
{[%clk 0:07:03]} 31. Qf3 {[%clk 0:01:53]} Qd7 {[%clk 0:05:56]} 32. Qe2
{[%clk 0:01:56]} Qe7 {[%clk 0:05:33]} 33. Re1 {[%clk 0:02:01]} Rxa2
{[%clk 0:04:30]} 34. Qxa2 {[%clk 0:02:04]} f5 {[%clk 0:04:39]} 35. Qe2
{[%clk 0:01:40]} fxe4 {[%clk 0:04:42]} 36. f3 {[%clk 0:01:21]} Bc3
{[%clk 0:04:06]} 37. Rf1 {[%clk 0:00:54]} Kg7 {[%clk 0:03:05]} 38. fxe4
{[%clk 0:00:53]} Nf6 {[%clk 0:02:52]} 39. Rf3 {[%clk 0:00:31]} Qxe4
{[%clk 0:02:51]} 40. Qxe4 {[%clk 0:00:26]} Nxe4 {[%clk 0:02:59]} 41. Re3
{[%clk 0:00:34]} Bd4 {[%clk 0:03:07]} 0-1

[Event "MCR druzstev mladsich zaku 2016"]
[Site "Hradec Kralove"]
[Date "2016.06.12"]
[Round "7.12"]
[White "Kulasova (Novy Bor), Nikola"]
[Black "Hladky (Loko Brno), Tadeas"]
[Result "0-1"]
[BlackElo "1292"]
[WhiteElo "1000"]
[LiveChessVersion "1.4.8"]

1. d4 {[%clk 0:25:19]} d5 {[%clk 0:25:16]} 2. e3 {[%clk 0:25:27]} g6
{[%clk 0:25:21]} 3. Nf3 {[%clk 0:25:35]} Bg7 {[%clk 0:25:28]} 4. c4
{[%clk 0:25:32]} Nf6 {[%clk 0:25:34]} 5. cxd5 {[%clk 0:25:35]} Nxd5
{[%clk 0:25:41]} 6. Nbd2 {[%clk 0:25:38]} Nc6 {[%clk 0:25:45]} 7. Bb5
{[%clk 0:25:30]} Bd7 {[%clk 0:25:51]} 8. Bc4 {[%clk 0:25:34]} Nf6
{[%clk 0:25:56]} 9. O-O {[%clk 0:25:31]} O-O {[%clk 0:25:57]} 10. Bb5
{[%clk 0:25:22]} Qe8 {[%clk 0:25:47]} 11. Nc4 {[%clk 0:25:27]} a6
{[%clk 0:25:13]} 12. Ba4 {[%clk 0:25:17]} b5 {[%clk 0:25:21]} 13. Nce5
{[%clk 0:25:11]} Nxe5 {[%clk 0:25:21]} 14. Nxe5 {[%clk 0:25:14]} bxa4
{[%clk 0:25:28]} 15. Nxd7 {[%clk 0:25:11]} Qxd7 {[%clk 0:25:35]} 16. Qf3
{[%clk 0:24:28]} Qd6 17. Qd1 {[%clk 0:24:01]} Rfd8 {[%clk 0:24:07]} 18. Qxa4
{[%clk 0:23:55]} c5 {[%clk 0:24:01]} 19. dxc5 {[%clk 0:23:45]} Qxc5 20. Bd2
{[%clk 0:23:51]} Rxd2 {[%clk 0:23:48]} 21. Rfd1 {[%clk 0:22:55]} Rxb2
{[%clk 0:23:35]} 22. h4 {[%clk 0:22:50]} Nd5 {[%clk 0:22:56]} 23. Qe4
{[%clk 0:21:55]} e6 {[%clk 0:22:01]} 24. Rdc1 {[%clk 0:21:04]} Qb4
{[%clk 0:21:31]} 25. Rcb1 {[%clk 0:20:45]} Qxe4 {[%clk 0:21:24]} 26. Rxb2
{[%clk 0:20:40]} Bxb2 {[%clk 0:21:30]} 27. Rd1 {[%clk 0:20:37]} Be5
{[%clk 0:21:27]} 28. Re1 {[%clk 0:19:21]} Nc3 {[%clk 0:21:20]} 29. f3
{[%clk 0:18:34]} Qxh4 {[%clk 0:20:57]} 30. Rc1 {[%clk 0:18:08]} Qh2+
{[%clk 0:20:44]} 31. Kf2 {[%clk 0:17:45]} Bg3+ {[%clk 0:20:51]} 32. Kf1
{[%clk 0:17:34]} Qh1# 33. Ra1 0-1

[Event "MCR druzstev mladsich zaku 2016"]
[Site "Hradec Kralove"]
[Date "2016.06.12"]
[Round "7.13"]
[White "Lhotska (OAZA), Anna"]
[Black "Stalmach (BSS F-M \"B\"), Richard"]
[Result "0-1"]
[BlackElo "1843"]
[WhiteElo "1490"]
[LiveChessVersion "1.4.8"]

1. e4 {[%clk 0:25:17]} e6 {[%clk 0:25:19]} 2. d4 {[%clk 0:25:25]} d5
{[%clk 0:25:28]} 3. Nc3 {[%clk 0:25:33]} Nf6 {[%clk 0:25:36]} 4. e5
{[%clk 0:25:38]} Nfd7 {[%clk 0:25:45]} 5. Nf3 {[%clk 0:25:40]} c5
{[%clk 0:25:50]} 6. Be3 {[%clk 0:25:33]} Nc6 {[%clk 0:25:56]} 7. Bb5
{[%clk 0:25:20]} cxd4 {[%clk 0:24:45]} 8. Bxd4 {[%clk 0:25:03]} Qc7
{[%clk 0:24:10]} 9. Bxc6 {[%clk 0:24:01]} bxc6 {[%clk 0:24:18]} 10. O-O
{[%clk 0:24:06]} c5 {[%clk 0:24:23]} 11. Be3 {[%clk 0:23:21]} d4 {[%clk 0:24:07]}
12. Nb5 {[%clk 0:21:43]} Qb6 {[%clk 0:23:10]} 13. Nbxd4 {[%clk 0:21:07]} cxd4
{[%clk 0:23:18]} 14. Bxd4 {[%clk 0:21:14]} Bc5 {[%clk 0:23:27]} 15. Bc3
{[%clk 0:20:41]} Ba6 {[%clk 0:23:18]} 16. Qd2 {[%clk 0:17:32]} Bxf1
{[%clk 0:23:23]} 17. Rxf1 {[%clk 0:17:39]} Qb7 {[%clk 0:22:54]} 18. Rd1
{[%clk 0:17:29]} Rd8 {[%clk 0:21:16]} 19. b4 {[%clk 0:16:25]} Be7
{[%clk 0:21:08]} 20. a4 {[%clk 0:14:41]} O-O {[%clk 0:21:06]} 21. b5
{[%clk 0:13:06]} Nxe5 {[%clk 0:20:07]} 22. Qe2 {[%clk 0:12:06]} Nxf3+
{[%clk 0:19:50]} 23. gxf3 {[%clk 0:12:11]} Rxd1+ {[%clk 0:19:56]} 24. Qxd1
{[%clk 0:12:17]} Rd8 {[%clk 0:20:01]} 25. Qe2 {[%clk 0:12:22]} Qd5
{[%clk 0:20:02]} 26. Qe3 {[%clk 0:12:01]} Qg5+ {[%clk 0:19:58]} 27. Qxg5
{[%clk 0:12:04]} Bxg5 {[%clk 0:20:06]} 0-1

[Event "MCR druzstev mladsich zaku 2016"]
[Site "Hradec Kralove"]
[Date "2016.06.12"]
[Round "7.14"]
[White "Nytra (BSS F-M \"B\"), Ondrej"]
[Black "Korsinskij (OAZA), Marek"]
[Result "0-1"]
[BlackElo "1450"]
[WhiteElo "1773"]
[LiveChessVersion "1.4.8"]

1. e4 {[%clk 0:25:19]} c5 {[%clk 0:25:19]} 2. Nf3 {[%clk 0:25:27]} e6
{[%clk 0:25:27]} 3. d4 {[%clk 0:25:35]} cxd4 {[%clk 0:25:35]} 4. Nxd4
{[%clk 0:25:43]} a6 {[%clk 0:25:43]} 5. Nc3 {[%clk 0:25:50]} Qc7 {[%clk 0:25:51]}
6. Be2 {[%clk 0:25:53]} Nf6 {[%clk 0:25:49]} 7. O-O Bb4 8. Qd3 {[%clk 0:23:39]}
Nc6 {[%clk 0:25:27]} 9. Nxc6 {[%clk 0:23:00]} bxc6 {[%clk 0:25:28]} 10. f4
{[%clk 0:22:47]} d6 {[%clk 0:25:16]} 11. Be3 {[%clk 0:22:07]} O-O
{[%clk 0:24:45]} 12. Kh1 {[%clk 0:22:01]} Bb7 {[%clk 0:24:06]} 13. Bd4
{[%clk 0:22:07]} e5 {[%clk 0:23:58]} 14. fxe5 {[%clk 0:21:47]} dxe5
{[%clk 0:24:06]} 15. Qg3 {[%clk 0:21:46]} Bxc3 {[%clk 0:23:32]} 16. bxc3
{[%clk 0:21:05]} Nxe4 {[%clk 0:23:29]} 17. Qxe5 {[%clk 0:21:14]} Qxe5
{[%clk 0:23:26]} 18. Bxe5 {[%clk 0:21:22]} Rfe8 {[%clk 0:23:22]} 19. Bd4
{[%clk 0:20:21]} Nxc3 {[%clk 0:23:28]} 20. Bh5 {[%clk 0:19:55]} g6
{[%clk 0:23:00]} 21. Bxg6 {[%clk 0:19:47]} fxg6 {[%clk 0:22:44]} 22. Bxc3
{[%clk 0:19:52]} Re2 {[%clk 0:22:50]} 23. Rac1 {[%clk 0:19:35]} c5
{[%clk 0:22:52]} 24. Rg1 {[%clk 0:18:51]} Be4 {[%clk 0:21:54]} 25. Rce1
{[%clk 0:17:56]} Rxc2 {[%clk 0:21:42]} 26. Rxe4 {[%clk 0:17:37]} Rxc3
{[%clk 0:21:48]} 27. Ra4 {[%clk 0:17:45]} Kg7 28. Rd1 {[%clk 0:17:32]} Rd8
{[%clk 0:21:41]} 29. Re1 {[%clk 0:17:18]} Re3 {[%clk 0:21:45]} 30. Rc1
{[%clk 0:17:03]} Red3 {[%clk 0:21:38]} 31. h3 {[%clk 0:16:39]} Rd1+
{[%clk 0:21:40]} 32. Rxd1 {[%clk 0:16:48]} Rxd1+ {[%clk 0:21:48]} 33. Kh2
{[%clk 0:16:57]} Rd6 {[%clk 0:21:52]} 34. Ra5 {[%clk 0:17:06]} Rc6
{[%clk 0:22:00]} 35. Ra3 {[%clk 0:16:56]} c4 {[%clk 0:22:02]} 36. Rc3
{[%clk 0:17:05]} Kf6 {[%clk 0:22:07]} 37. Kg3 {[%clk 0:17:13]} Ke5
{[%clk 0:22:15]} 38. Kf2 {[%clk 0:17:11]} Kd4 {[%clk 0:22:23]} 39. Rc1
{[%clk 0:17:19]} Kd3 {[%clk 0:22:21]} 40. Rd1+ {[%clk 0:16:16]} Kc2
{[%clk 0:22:26]} 41. Rd7 {[%clk 0:16:25]} h5 {[%clk 0:22:34]} 42. Ke2
{[%clk 0:16:22]} c3 {[%clk 0:22:40]} 43. Rb7 {[%clk 0:16:16]} Re6+
{[%clk 0:22:32]} 44. Kf2 {[%clk 0:16:22]} Kc1 {[%clk 0:22:33]} 45. Rb8
{[%clk 0:16:03]} c2 {[%clk 0:22:27]} 46. Rb7 {[%clk 0:16:00]} Kd2
{[%clk 0:22:08]} 47. Rd7+ {[%clk 0:16:05]} Kc3 {[%clk 0:22:14]} 48. Rc7+
{[%clk 0:16:07]} Kb2 {[%clk 0:22:20]} 49. Rb7+ {[%clk 0:16:16]} Kxa2
{[%clk 0:21:57]} 50. Rc7 {[%clk 0:16:25]} Kb1 {[%clk 0:21:49]} 51. Rb7+
{[%clk 0:16:32]} Kc1 {[%clk 0:21:57]} 52. g4 {[%clk 0:15:49]} Rc6
{[%clk 0:21:59]} 53. Ke2 {[%clk 0:15:50]} Re6+ {[%clk 0:21:56]} 54. Kf2
{[%clk 0:15:57]} a5 {[%clk 0:21:51]} 55. gxh5 {[%clk 0:15:56]} gxh5
{[%clk 0:21:58]} 56. Ra7 {[%clk 0:16:04]} Rb6 {[%clk 0:21:46]} 57. Rxa5
{[%clk 0:15:20]} Kb2 {[%clk 0:21:54]} 58. Rc5 {[%clk 0:15:23]} c1=Q
{[%clk 0:22:02]} 59. Rxc1 {[%clk 0:15:32]} Kxc1 60. Kg3 Rb3+ {[%clk 0:22:13]} 61.
Kh4 {[%clk 0:15:51]} Kd2 {[%clk 0:22:21]} 62. Kxh5 {[%clk 0:15:59]} Rxh3+ 0-1

[Event "MCR druzstev mladsich zaku 2016"]
[Site "Hradec Kralove"]
[Date "2016.06.12"]
[Round "7.15"]
[White "Korsinskij (OAZA), Nikolas"]
[Black "Frank (BSS F-M \"B\"), Adam"]
[Result "1-0"]
[BlackElo "1815"]
[WhiteElo "1440"]
[LiveChessVersion "1.4.8"]

1. e4 e5 2. Nf3 Nc6 3. Bc4 Nf6 4. d3 Be7 5. Nc3 d6 6. Be3 Bg4 7. h3 Bh5 8. g4 Bg6
9. Qd2 Qd7 10. O-O-O O-O-O 11. Bb5 Rhe8 12. Bxa7 b6 13. Ba6# 1-0

[Event "MCR druzstev mladsich zaku 2016"]
[Site "Hradec Kralove"]
[Date "2016.06.12"]
[Round "7.16"]
[White "Odstrcil (BSS F-M \"B\"), Lukas"]
[Black "Matej (OAZA), Erik"]
[Result "1-0"]
[BlackElo "1239"]
[WhiteElo "1520"]
[LiveChessVersion "1.4.8"]

1. e4 {[%clk 0:25:18]} e5 {[%clk 0:25:18]} 2. Nf3 {[%clk 0:25:26]} Nc6
{[%clk 0:25:25]} 3. Bc4 {[%clk 0:25:34]} Nf6 {[%clk 0:25:31]} 4. d3
{[%clk 0:25:43]} Bc5 {[%clk 0:25:38]} 5. c3 {[%clk 0:25:52]} d6 {[%clk 0:25:38]}
6. Bb3 {[%clk 0:26:00]} O-O {[%clk 0:25:17]} 7. O-O {[%clk 0:26:07]} Bg4
{[%clk 0:25:24]} 8. Nbd2 {[%clk 0:26:08]} Re8 {[%clk 0:24:36]} 9. Re1
{[%clk 0:26:12]} Qd7 {[%clk 0:24:03]} 10. Nf1 {[%clk 0:26:19]} d5
{[%clk 0:23:22]} 11. exd5 {[%clk 0:25:27]} Nxd5 {[%clk 0:23:28]} 12. Be3
{[%clk 0:25:10]} Nxe3 {[%clk 0:22:59]} 13. Nxe3 {[%clk 0:24:57]} Bxe3
{[%clk 0:22:52]} 14. Rxe3 {[%clk 0:24:59]} Rad8 {[%clk 0:21:57]} 15. Qd2
{[%clk 0:24:50]} e4 {[%clk 0:22:02]} 16. Ng5 {[%clk 0:24:29]} Bh5
{[%clk 0:21:25]} 17. d4 {[%clk 0:23:45]} h6 {[%clk 0:21:19]} 18. Nxe4
{[%clk 0:23:43]} Bg6 {[%clk 0:20:11]} 19. Rae1 {[%clk 0:23:33]} Qg4
{[%clk 0:19:20]} 20. f3 {[%clk 0:22:40]} Qd7 {[%clk 0:18:53]} 21. Nc5
{[%clk 0:22:35]} Qc8 {[%clk 0:18:28]} 22. Qe2 {[%clk 0:22:14]} Rxe3 23. Qxe3 b6
{[%clk 0:17:55]} 24. Nd3 {[%clk 0:21:45]} Bxd3 {[%clk 0:17:50]} 25. Qxd3
{[%clk 0:21:53]} Re8 {[%clk 0:17:56]} 26. Re4 {[%clk 0:21:23]} Rd8
{[%clk 0:16:58]} 27. Rf4 {[%clk 0:20:29]} Rf8 {[%clk 0:15:45]} 28. Rg4
{[%clk 0:20:07]} Qd8 {[%clk 0:15:37]} 29. Qg6 {[%clk 0:19:53]} Qg5
{[%clk 0:13:22]} 30. Rxg5 {[%clk 0:20:01]} hxg5 {[%clk 0:13:31]} 31. Qxc6
{[%clk 0:20:06]} Rc8 {[%clk 0:12:40]} 32. Bxf7+ {[%clk 0:20:07]} Kh7
{[%clk 0:12:46]} 33. Bg6+ {[%clk 0:19:45]} Kh8 {[%clk 0:12:46]} 34. Qd7
{[%clk 0:19:48]} Ra8 {[%clk 0:12:38]} 35. Qh3+ {[%clk 0:19:55]} Kg8
{[%clk 0:12:46]} 36. Qh7+ {[%clk 0:20:03]} Kf8 {[%clk 0:12:54]} 37. Qh8+
{[%clk 0:20:09]} Ke7 {[%clk 0:13:04]} 38. Qxa8 {[%clk 0:20:13]} Kf6
{[%clk 0:13:12]} 39. Qc6+ {[%clk 0:20:20]} Ke7 {[%clk 0:13:18]} 40. Qxc7+
{[%clk 0:20:27]} Kf6 {[%clk 0:13:13]} 41. Qd6# 1-0

[Event "MCR druzstev mladsich zaku 2016"]
[Site "Hradec Kralove"]
[Date "2016.06.12"]
[Round "7.17"]
[White "Palla (OAZA), Marek"]
[Black "Dudova (BSS F-M \"B\"), Pavlina"]
[Result "1/2-1/2"]
[BlackElo "1472"]
[WhiteElo "1310"]
[LiveChessVersion "1.4.8"]

1. e4 {[%clk 0:25:19]} e5 {[%clk 0:25:19]} 2. Nf3 {[%clk 0:25:28]} Nc6
{[%clk 0:25:27]} 3. d4 {[%clk 0:25:37]} exd4 {[%clk 0:25:36]} 4. Nxd4
{[%clk 0:25:46]} Nf6 {[%clk 0:25:44]} 5. Nc3 {[%clk 0:25:48]} Bb4
{[%clk 0:25:49]} 6. f3 {[%clk 0:25:29]} d6 {[%clk 0:25:33]} 7. Bb5
{[%clk 0:24:55]} Bd7 {[%clk 0:25:26]} 8. Bg5 {[%clk 0:24:06]} Nxd4
{[%clk 0:25:12]} 9. Bxd7+ {[%clk 0:24:06]} Qxd7 {[%clk 0:25:15]} 10. Qxd4
{[%clk 0:24:11]} Bxc3+ {[%clk 0:25:19]} 11. Qxc3 {[%clk 0:24:16]} Qe7
{[%clk 0:25:01]} 12. Bxf6 {[%clk 0:24:08]} Qxf6 {[%clk 0:25:09]} 13. Qxc7
{[%clk 0:24:15]} Qxb2 {[%clk 0:24:27]} 14. O-O {[%clk 0:24:17]} O-O
{[%clk 0:22:45]} 15. Rfc1 Qb6+ 16. Qxb6 {[%clk 0:24:06]} axb6 {[%clk 0:22:13]}
17. Rcb1 Ra6 {[%clk 0:21:54]} 18. Rd1 {[%clk 0:24:01]} b5 {[%clk 0:21:59]} 19.
Rab1 {[%clk 0:24:08]} Rxa2 {[%clk 0:21:26]} 20. Rxd6 {[%clk 0:23:50]} Rxc2 21.
Rb6 {[%clk 0:23:52]} Rc7 {[%clk 0:21:24]} 22. R6xb5 {[%clk 0:23:55]} Rb8
{[%clk 0:21:32]} 23. Kf2 {[%clk 0:23:54]} Kf8 {[%clk 0:21:34]} 24. Ke3
{[%clk 0:24:01]} Ke8 {[%clk 0:21:39]} 25. Kd4 {[%clk 0:24:08]} f6
{[%clk 0:21:11]} 26. Kd5 {[%clk 0:24:05]} Kd7 {[%clk 0:20:56]} 27. f4 Ke7
{[%clk 0:21:01]} 28. e5 {[%clk 0:23:16]} Rd8+ {[%clk 0:20:12]} 29. Ke4
{[%clk 0:23:15]} Rdd7 {[%clk 0:19:26]} 30. exf6+ {[%clk 0:22:54]} Kxf6
{[%clk 0:19:20]} 31. g4 {[%clk 0:22:44]} Rc4+ {[%clk 0:18:56]} 32. Kf3
{[%clk 0:22:45]} Rd3+ {[%clk 0:18:26]} 33. Kg2 {[%clk 0:22:38]} Rxf4
{[%clk 0:18:24]} 34. Rb6+ {[%clk 0:22:26]} Ke7 {[%clk 0:17:48]} 35. Re1+
{[%clk 0:22:24]} Kf8 {[%clk 0:17:34]} 36. Rxb7 {[%clk 0:22:16]} Rxg4+
{[%clk 0:17:21]} 37. Kh1 {[%clk 0:22:17]} Rd8 {[%clk 0:17:25]} 38. Rf1+
{[%clk 0:21:45]} Kg8 {[%clk 0:17:29]} 39. Rc7 {[%clk 0:20:31]} Rg6
{[%clk 0:16:58]} 40. Rfc1 {[%clk 0:20:35]} Rf6 {[%clk 0:16:53]} 41. Rc8
{[%clk 0:20:37]} Rxc8 {[%clk 0:16:55]} 42. Rxc8+ {[%clk 0:20:45]} Rf8
{[%clk 0:17:04]} 43. Rxf8+ {[%clk 0:20:46]} Kxf8 {[%clk 0:17:12]} 44. Kg2
{[%clk 0:20:55]} Kf7 {[%clk 0:17:21]} 45. Kg3 {[%clk 0:21:05]} Kg6
{[%clk 0:17:30]} 46. Kg4 {[%clk 0:21:12]} h5+ {[%clk 0:17:38]} 47. Kf4
{[%clk 0:21:16]} Kf6 {[%clk 0:17:45]} 48. h3 {[%clk 0:21:10]} g5+
{[%clk 0:17:49]} 49. Ke4 {[%clk 0:21:05]} Ke6 {[%clk 0:17:48]} 50. Kf3
{[%clk 0:21:07]} Kf5 {[%clk 0:17:57]} 51. Kg3 {[%clk 0:21:02]} g4
{[%clk 0:17:40]} 52. hxg4+ {[%clk 0:20:57]} hxg4 {[%clk 0:17:49]} 53. Kf2
{[%clk 0:21:05]} Kf4 {[%clk 0:17:58]} 54. Kg2 {[%clk 0:21:13]} g3
{[%clk 0:18:00]} 55. Kg1 {[%clk 0:21:13]} Kf3 {[%clk 0:18:06]} 56. Kf1
{[%clk 0:21:21]} Kg4 {[%clk 0:17:59]} 57. Kg2 {[%clk 0:21:29]} Kh4
{[%clk 0:17:19]} 58. Kg1 {[%clk 0:21:34]} Kh3 {[%clk 0:15:29]} 59. Kh1
{[%clk 0:21:42]} g2+ {[%clk 0:15:35]} 60. Kg1 {[%clk 0:21:49]} Kg3
{[%clk 0:15:43]} 1/2-1/2

[Event "MCR druzstev mladsich zaku 2016"]
[Site "Hradec Kralove"]
[Date "2016.06.12"]
[Round "7.18"]
[White "Vasinek (BSS F-M \"B\"), Martin"]
[Black "Rezek (OAZA), Filip"]
[Result "1-0"]
[BlackElo "1289"]
[WhiteElo "1425"]
[LiveChessVersion "1.4.8"]

1. e4 {[%clk 0:25:19]} c5 {[%clk 0:25:19]} 2. Nf3 {[%clk 0:25:28]} Nc6
{[%clk 0:25:28]} 3. d4 {[%clk 0:25:38]} e6 4. dxc5 {[%clk 0:25:44]} Bxc5
{[%clk 0:25:44]} 5. b3 {[%clk 0:25:51]} d5 {[%clk 0:25:49]} 6. exd5
{[%clk 0:25:58]} exd5 {[%clk 0:25:59]} 7. Bb2 {[%clk 0:26:04]} Nf6
{[%clk 0:26:02]} 8. Be2 {[%clk 0:25:56]} Be6 {[%clk 0:26:08]} 9. O-O
{[%clk 0:25:57]} O-O {[%clk 0:26:16]} 10. Bd3 {[%clk 0:25:59]} h6
{[%clk 0:26:10]} 11. h3 {[%clk 0:25:59]} a6 {[%clk 0:25:43]} 12. Nc3
{[%clk 0:25:51]} Nb4 {[%clk 0:25:33]} 13. Re1 {[%clk 0:25:48]} Qe7
{[%clk 0:25:40]} 14. a3 {[%clk 0:25:41]} Nxd3 {[%clk 0:25:47]} 15. Qxd3
{[%clk 0:25:48]} b5 {[%clk 0:25:53]} 16. b4 {[%clk 0:25:46]} Bb6 {[%clk 0:25:53]}
17. Nxd5 {[%clk 0:25:33]} Qd8 {[%clk 0:25:37]} 18. Nxf6+ {[%clk 0:25:37]} gxf6
{[%clk 0:25:42]} 19. Qxd8 {[%clk 0:25:08]} Raxd8 {[%clk 0:25:50]} 20. Bxf6
{[%clk 0:25:14]} Rd7 {[%clk 0:25:52]} 21. Rad1 {[%clk 0:25:16]} Rxd1
{[%clk 0:25:52]} 22. Rxd1 {[%clk 0:25:22]} Rc8 {[%clk 0:26:00]} 23. c3
{[%clk 0:25:04]} a5 {[%clk 0:25:25]} 24. Rd6 {[%clk 0:24:42]} Bc7
{[%clk 0:25:16]} 25. Rd2 {[%clk 0:24:24]} axb4 {[%clk 0:25:22]} 26. axb4
{[%clk 0:24:19]} Bf4 {[%clk 0:25:27]} 27. Re2 {[%clk 0:23:28]} Rxc3
{[%clk 0:24:48]} 28. Bxc3 {[%clk 0:23:33]} Bc4 {[%clk 0:24:53]} 29. Re4
{[%clk 0:23:39]} Bd6 {[%clk 0:24:47]} 30. Nh4 {[%clk 0:23:40]} Be6
{[%clk 0:24:50]} 31. Be5 {[%clk 0:23:03]} Be7 32. Nf3 {[%clk 0:22:57]} Kh7
{[%clk 0:24:53]} 33. Bc3 {[%clk 0:22:39]} Kg6 {[%clk 0:24:59]} 34. Nd4
{[%clk 0:22:47]} Kf6 {[%clk 0:25:00]} 35. Nc6+ {[%clk 0:22:47]} Kf5
{[%clk 0:25:02]} 36. Re5+ {[%clk 0:22:52]} Kf6 {[%clk 0:25:10]} 37. Rc5+
{[%clk 0:24:50]} Kg6 {[%clk 0:25:10]} 38. Nxe7+ {[%clk 0:24:56]} Kh7
{[%clk 0:25:13]} 39. Bf6 {[%clk 0:24:40]} 1-0

[Event "MCR druzstev mladsich zaku 2016"]
[Site "Hradec Kralove"]
[Date "2016.06.12"]
[Round "8.1"]
[White "Krejcok (BSS F-M \"A\"), Tobias"]
[Black "Vojta (Polabiny A), Jakub"]
[Result "1-0"]
[BlackElo "1967"]
[WhiteElo "1794"]
[LiveChessVersion "1.4.8"]

1. e4 {[%clk 0:25:18]} Nf6 {[%clk 0:25:11]} 2. e5 {[%clk 0:25:21]} Nd5
{[%clk 0:25:19]} 3. c4 {[%clk 0:25:12]} Nb6 {[%clk 0:25:27]} 4. Nc3
{[%clk 0:24:27]} d6 {[%clk 0:25:35]} 5. exd6 {[%clk 0:24:03]} cxd6
{[%clk 0:25:35]} 6. d4 {[%clk 0:23:26]} g6 {[%clk 0:24:56]} 7. Be3
{[%clk 0:23:02]} Bg7 {[%clk 0:24:30]} 8. Nf3 {[%clk 0:22:45]} Nc6
{[%clk 0:23:47]} 9. Be2 {[%clk 0:21:41]} O-O {[%clk 0:23:25]} 10. O-O
{[%clk 0:21:02]} Bf5 {[%clk 0:20:20]} 11. Rc1 {[%clk 0:19:19]} Rc8
{[%clk 0:19:41]} 12. b3 {[%clk 0:18:23]} e5 {[%clk 0:16:49]} 13. d5
{[%clk 0:14:50]} Ne7 {[%clk 0:16:26]} 14. Qd2 {[%clk 0:14:15]} Bd7
{[%clk 0:12:19]} 15. Ne4 {[%clk 0:13:16]} Bf5 {[%clk 0:11:59]} 16. Ng3
{[%clk 0:13:02]} Bd7 {[%clk 0:11:56]} 17. Ne4 {[%clk 0:10:03]} Bf5
{[%clk 0:11:58]} 18. Nc3 {[%clk 0:10:03]} Bd7 {[%clk 0:11:48]} 19. Ne4
{[%clk 0:04:56]} Bf5 {[%clk 0:11:15]} 20. Nc3 {[%clk 0:04:16]} e4
{[%clk 0:09:33]} 21. Nd4 {[%clk 0:04:22]} Qd7 {[%clk 0:08:10]} 22. Ndb5
{[%clk 0:04:06]} Ra8 {[%clk 0:06:52]} 23. Nxa7 {[%clk 0:03:49]} Rxa7
{[%clk 0:07:01]} 24. Bxb6 {[%clk 0:03:57]} Raa8 {[%clk 0:06:29]} 25. Bd4
{[%clk 0:03:39]} Rfe8 {[%clk 0:05:12]} 26. Bxg7 {[%clk 0:03:45]} Kxg7
{[%clk 0:05:21]} 27. Qd4+ {[%clk 0:03:52]} Kg8 {[%clk 0:05:25]} 28. h3
{[%clk 0:02:06]} h5 {[%clk 0:04:47]} 29. Na4 {[%clk 0:02:08]} Rxa4
{[%clk 0:03:42]} 30. bxa4 {[%clk 0:02:17]} Qxa4 {[%clk 0:03:36]} 31. Qb2
{[%clk 0:02:17]} Bc8 {[%clk 0:03:12]} 32. c5 {[%clk 0:02:15]} Nxd5
{[%clk 0:02:59]} 33. Bb5 {[%clk 0:02:23]} 1-0